[Event "GER ML-348 email"]
[Site "GER email"]
[Date "2009.??.??"]
[Round "?"]
[White "Opitz, Peter"]
[Black "Preuss, Jens"]
[Result "1/2-1/2"]
[WhiteElo "2062"]
[BlackElo "1640"]
[PlyCount "104"]
[EventDate "2009.??.??"]
[EventType "tourn (corr)"]
[EventRounds "6"]
[EventCountry "GER"]
[SourceTitle "Corr 2020"]
[Source "ChessBase"]
[SourceDate "2019.09.30"]
[SourceVersion "1"]
[SourceVersionDate "2019.09.30"]
[SourceQuality "1"]

1. e4 d6 2. d4 g6 3. c4 Bg7 4. Nc3 a6 5. Nf3 Bg4 6. Be3 Nc6 7. Be2 e5 8. dxe5 Bxf3 9. Bxf3 Nxe5 10. Be2 Nf6 11. 0-0 0-0 12. c5 Qe7 13. cxd6 cxd6 14. Qb3 Rfc8 15. Rfd1 b5 16. a4 Nc4 17. Bd4 Rab8 18. axb5 axb5 19. Ra7 Qe8 20. g3 Qe6 21. Bxf6 Bxf6 22. Nd5 Bd8 23. Bf3 Rc5 24. Bg2 Rbc8 25. h4 Ne5 26. Rb7 Rc1 27. Rf1 Rxf1+ 28. Bxf1 Rc1 29. Kg2 Bxh4 30. Bxb5 Kg7 31. Be2 Bd8 32. f4 Nd7 33. Qe3 Rc2 34. Qd3 Rc1 35. Bf3 Nf6 36. Ne3 Qc8 37. e5 dxe5 38. fxe5 Ng8 39. Qd4 Rc7 40. Rxc7 Qxc7 41. b4 Qb6 42. Qxb6 Bxb6 43. Nc4 Bd8 44. b5 f6 45. e6 Kf8 46. b6 Ke7 47. b7 Bc7 48. Nb6 Kd6 49. Be2 Kc6 50. Nc8 Kxb7 51. e7 Nxe7 52. Nxe7 Be5 1/2-1/2

[Event "GER ML-335 email"]
[Site "GER email"]
[Date "2008.??.??"]
[Round "?"]
[White "Preuss, Jens"]
[Black "Hoehne, Ernst"]
[Result "1/2-1/2"]
[WhiteElo "2039"]
[BlackElo "2186"]
[PlyCount "52"]
[EventDate "2008.??.??"]
[EventType "tourn (corr)"]
[EventRounds "6"]
[EventCountry "GER"]
[SourceTitle "Corr 2011"]
[Source "ChessBase"]
[SourceDate "2010.08.31"]
[SourceVersion "1"]
[SourceVersionDate "2010.08.31"]
[SourceQuality "1"]

1. e4 e5 2. Nf3 Nc6 3. Bb5 a6 4. Ba4 Nf6 5. 0-0 Be7 6. Re1 b5 7. Bb3 d6 8. c3 0-0 9. h3 Na5 10. Bc2 c5 11. d4 Qc7 12. Nbd2 cxd4 13. cxd4 Nc6 14. a3 Bd7 15. Nb3 a5 16. d5 a4 17. Bd3 axb3 18. dxc6 Bxc6 19. Bg5 Qb7 20. Nh4 g6 21. Rc1 Rfe8 22. Qxb3 Bxe4 23. Bxb5 Bd5 24. Qd3 e4 25. Qe2 Nd7 26. Bxd7 Qxd7 1/2-1/2

[Event "GER H-2151 D email"]
[Site "GER email"]
[Date "2008.??.??"]
[Round "?"]
[White "Preuss, Jens"]
[Black "Kabisch, Guenter"]
[Result "1-0"]
[WhiteElo "1640"]
[BlackElo "1705"]
[PlyCount "83"]
[EventDate "2008.??.??"]
[EventType "tourn (corr)"]
[EventRounds "6"]
[EventCountry "GER"]
[SourceTitle "Corr 2011"]
[Source "ChessBase"]
[SourceDate "2010.08.31"]
[SourceVersion "1"]
[SourceVersionDate "2010.08.31"]
[SourceQuality "1"]

1. e4 e6 2. d4 d5 3. Bd3 dxe4 4. Bxe4 Nf6 5. Bd3 c5 6. Nf3 Nc6 7. dxc5 Bxc5 8. 0-0 Nb4 9. Bb5+ Bd7 10. Bxd7+ Qxd7 11. Qe2 0-0 12. Bg5 Be7 13. Rd1 Qc7 14. c3 Nc6 15. Nbd2 Rfd8 16. Nc4 Rac8 17. Nce5 Nxe5 18. Nxe5 a6 19. Re1 Rd6 20. Bf4 Rb6 21. c4 Bd6 22. Rad1 a5 23. Rd4 Ra6 24. Rc1 Ne8 25. c5 Bxe5 26. Bxe5 Qc6 27. b3 f6 28. Bg3 b5 29. a4 b4 30. Qc4 Kh8 31. Rcd1 e5 32. Rd5 Ra7 33. f4 Re7 34. fxe5 fxe5 35. Bxe5 Qe6 36. Bg3 Qc6 37. Rd8 Rxd8 38. Rxd8 h6 39. Qd5 Qxd5 40. Rxd5 Nc7 41. Rd8+ Kh7 42. c6 1-0